<?xml version="1.0" encoding="UTF-8"?>
<record
    xmlns:xsi="http://www.w3.org/2001/XMLSchema-instance"
    xsi:schemaLocation="http://www.loc.gov/MARC21/slim http://www.loc.gov/standards/marcxml/schema/MARC21slim.xsd"
    xmlns="http://www.loc.gov/MARC21/slim">

  <leader>00349nam a2200133Ia 4500</leader>
  <controlfield tag="008">151001s9999||||xx |||||||||||||| ||und||</controlfield>
  <datafield tag="100" ind1=" " ind2=" ">
    <subfield code="a">&#x938;&#x941;&#x930;&#x92D;&#x940;  &#x905;&#x928;&#x93F;&#x924;&#x93E;</subfield>
  </datafield>
  <datafield tag="245" ind1=" " ind2=" ">
    <subfield code="a">&#x92A;&#x94D;&#x930;&#x926;&#x915;&#x94D;&#x937;&#x93F;&#x923;&#x93E;</subfield>
  </datafield>
  <datafield tag="250" ind1=" " ind2=" ">
    <subfield code="a">1         </subfield>
  </datafield>
  <datafield tag="260" ind1=" " ind2=" ">
    <subfield code="b">&#x938;&#x902;&#x91C;&#x940;&#x935; &#x92A;&#x94D;&#x930;&#x915;&#x93E;&#x936;&#x928;</subfield>
  </datafield>
  <datafield tag="260" ind1=" " ind2=" ">
    <subfield code="c">1998  </subfield>
  </datafield>
  <datafield tag="300" ind1=" " ind2=" ">
    <subfield code="a">160</subfield>
  </datafield>
  <datafield tag="365" ind1=" " ind2=" ">
    <subfield code="b">18</subfield>
  </datafield>
  <datafield tag="999" ind1=" " ind2=" ">
    <subfield code="c">974418</subfield>
    <subfield code="d">974415</subfield>
  </datafield>
</record>
